LEADER 01268nam a2200265 i 4500 001 000000013454 003 CaOOAMICUS 005 20260317095647.0 008 180830s1926 gw u000 u ger u 040 $aSeMil$bita 245 10$aStaatslexikon /$cIm auftrag der Görres-Gesellschaft, Unter Mitwirkung zahlereicher Fachleute ; Herausgegenben von Hermann Sacher. 250 $a5. von Grund aus Neubearbeitete Auflage. 264 1$aFreiburg im Breisgau :$bHerder,$c1926-1932. 300 $a5 v. :$bill. ;$c27 cm. 650 4$aPolitica - Enciclopedie e dizionari.$0(OLS)http://semarc/subject/1032 700 1 $aSacher, Hermann.$0(OLS)http://semarc/name/6428 710 2 $aGörres-Gesellschaft zur Pflege der Wissenschaft in Katholischen Deutschland.$0(OLS)http://semarc/name/397 774 0 $t1: Abel bis Fideikommiss.$w()138826 774 0 $t2: Film bis Kapitalismus.$w()138825 774 0 $t3: Kapitulationenen bis Panslawismus.$w()138829 774 0 $t4: Papiergeld bis Staatsschulden.$w()138830 774 0 $t5: Staatssozialismus bis Zwischenkirchenrecht Nachträge.$w()138831 996 $6245$aStaatslexikon$9(OLS)http://semarc/title/17933 996 $6264$aFreiburg im Breisgau :$bHerder$9(OLS)http://semarc/publisher/29728